[Event "BCF-chT4 2223 (4NCL)"]
[Site "England"]
[Date "2023.01.08"]
[Round "4.71"]
[White "Kothari, Jai"]
[Black "Burgess, Jasmine"]
[Result "1-0"]
[WhiteElo "1982"]
[BlackElo "1722"]
[PlyCount "57"]
[EventDate "2022.11.05"]
[EventType "team-swiss"]
[EventRounds "11"]
[EventCountry "ENG"]
[SourceTitle "EXT 2024"]
[Source "ChessBase"]
[SourceDate "2023.10.10"]
[SourceVersion "1"]
[SourceVersionDate "2023.10.10"]
[SourceQuality "1"]
[WhiteTeam "Guildford Young Guns"]
[BlackTeam "She Plays To Win Uni"]
[WhiteTeamCountry "ENG"]
[BlackTeamCountry "ENG"]

1. e4 c6 2. d4 d5 3. Nc3 dxe4 4. Nxe4 Bf5 5. Ng3 Bg6 6. Nf3 Nd7 7. h4 h5 8. Bd3 Bxd3 9. Qxd3 Ngf6 10. 0-0 e6 11. Re1 Bd6 12. Nf5 Bf8 13. Ng5 Qa5 14. Bd2 Qb5 15. c4 Qa6 16. b4 Nb6 17. b5 Qa3 18. Qe2 0-0-0 19. Nxf7 exf5 20. Qe6+ Rd7 21. c5 Bxc5 22. dxc5 Qxc5 23. bxc6 bxc6 24. Nxh8 Ng4 25. Be3 Qb5 26. Rab1 Qe5 27. Qxe5 Nxe5 28. Bxb6 Nd3 29. Re8+ 1-0

[Event "BCF-chT4 2223 (4NCL)"]
[Site "England"]
[Date "2022.11.06"]
[Round "2.61"]
[White "Amato, Giampiero"]
[Black "Burgess, Jasmine"]
[Result "1-0"]
[WhiteElo "1954"]
[BlackElo "1758"]
[PlyCount "75"]
[EventDate "2022.11.05"]
[EventType "team-swiss"]
[EventRounds "11"]
[EventCountry "ENG"]
[SourceTitle "EXT 2024"]
[Source "ChessBase"]
[SourceDate "2023.10.10"]
[SourceVersion "1"]
[SourceVersionDate "2023.10.10"]
[SourceQuality "1"]
[WhiteTeam "Kingston II"]
[BlackTeam "She Plays To Win Uni"]
[WhiteTeamCountry "ENG"]
[BlackTeamCountry "ENG"]

1. c4 e5 2. g3 Bc5 3. Bg2 f5 4. Nc3 Nf6 5. e3 Nc6 6. a3 a5 7. Nge2 0-0 8. 0-0 Rb8 9. d4 exd4 10. exd4 Be7 11. Nf4 b6 12. Re1 Bd6 13. Nb5 Ne4 14. Nxd6 Nxd6 15. Bd5+ Kh8 16. b3 Qf6 17. Bb2 b5 18. c5 Nf7 19. Bg2 Bb7 20. Nh5 Qg6 21. d5 Nce5 22. Bxe5 Nxe5 23. Rxe5 d6 24. cxd6 cxd6 25. Re7 Rg8 26. Rc1 h6 27. Rcc7 Ba6 28. Nf4 Qf6 29. Rf7 Qb2 30. h4 Rbc8 31. Qh5 Qb1+ 32. Kh2 Rxc7 33. Rxc7 b4 34. Ng6+ Kh7 35. Ne7 Rf8 36. Qg6+ Kh8 37. Nxf5 Qb2 38. Rxg7 1-0